Chemically resistant masonry (Record no. 546927)
[ view plain ]
| 000 -LEADER | |
|---|---|
| fixed length control field | 00451nam a22001577a 4500 |
| 020 ## - INTERNATIONAL STANDARD BOOK NUMBER | |
| International Standard Book Number | 0824715861 |
| 082 ## - DEWEY DECIMAL CLASSIFICATION NUMBER | |
| Classification number | 624.183 |
| Author Mark | SHE |
| -- | L-38, P-79 |
| 100 ## - MAIN ENTRY--PERSONAL NAME | |
| Personal name | Sheppard, Walter Lee |
| 9 (RLIN) | 43128 |
| 245 ## - TITLE STATEMENT | |
| Title | Chemically resistant masonry |
| Statement of responsibility, etc. | Walter Lee Sheppard |
| 250 ## - EDITION STATEMENT | |
| Edition statement | second edition / |
| 260 ## - PUBLICATION, DISTRIBUTION, ETC. | |
| Place of publication, distribution, etc. | New York : |
| Name of publisher, distributor, etc. | Marcel Dekker, Inc. |
| Date of publication, distribution, etc. | 1982. |
| 300 ## - PHYSICAL DESCRIPTION | |
| Extent | xv, 285 p. : |
| 526 ## - STUDY PROGRAM INFORMATION NOTE | |
| Program name | 0 |
| Interest level | 0 |
| Reading level | 0 |
| Title point value | 624_183000000000000_SHE |
| 650 ## - SUBJECT ADDED ENTRY--TOPICAL TERM | |
| Topical term or geographic name entry element | MCE |
| 9 (RLIN) | 379 |
| 942 ## - ADDED ENTRY ELEMENTS (KOHA) | |
| Source of classification or shelving scheme | |
| Koha item type | Book |
| Withdrawn status | Lost status | Source of classification or shelving scheme | Damaged status | Not for loan | Permanent Location | Current Location | Date acquired | Total Checkouts | Full call number | Barcode | Date last seen | Price effective from | Koha item type |
|---|---|---|---|---|---|---|---|---|---|---|---|---|---|
| Military College of Engineering (MCE) | Military College of Engineering (MCE) | 06/24/2014 | 624.183 SHE | MCE-29701 | 06/24/2014 | 06/24/2014 | Book |
